Ārāṇīmanuṣyan / (Record no. 67046)
[ view plain ]
| 000 -LEADER | |
|---|---|
| fixed length control field | 00881cam a22002651a 4500 |
| 001 - CONTROL NUMBER | |
| control field | sa 66000126 |
| 003 - CONTROL NUMBER IDENTIFIER | |
| control field | DLC |
| 005 - DATE AND TIME OF LATEST TRANSACTION | |
| control field | 20260227112212.0 |
| 008 - FIXED-LENGTH DATA ELEMENTS--GENERAL INFORMATION | |
| fixed length control field | 900123s1964 ii c 000 0 malr |
| 010 ## - LIBRARY OF CONGRESS CONTROL NUMBER | |
| LC control number | sa 66000126 |
| 025 ## - OVERSEAS ACQUISITION NUMBER | |
| Overseas acquisition number | PL480:I-Mal-689 |
| 035 ## - SYSTEM CONTROL NUMBER | |
| System control number | (OCoLC)20945179 |
| 040 ## - CATALOGING SOURCE | |
| Original cataloging agency | DLC |
| Transcribing agency | WaU |
| Modifying agency | ICRL |
| -- | DLC |
| 042 ## - AUTHENTICATION CODE | |
| Authentication code | premarc |
| 050 00 - LIBRARY OF CONGRESS CALL NUMBER | |
| Classification number | BD450 |
| Item number | .R3 |
| 100 1# - MAIN ENTRY--PERSONAL NAME | |
| Personal name | Rāmamēnōn, Puttēl̲attu, |
| Dates associated with a name | 1889-1973. |
| 245 10 - TITLE STATEMENT | |
| Title | Ārāṇīmanuṣyan / |
| Statement of responsibility, etc. | Puttēl̲attu Rāmamēnōn. |
| 260 ## - PUBLICATION, DISTRIBUTION, ETC. | |
| Place of publication, distribution, etc. | Kōṭṭayaṃ : |
| Name of publisher, distributor, etc. | Sāhityapr̲avarttaka Sahakaraṇasaṃkhaṃ : |
| -- | Vitaraṇaṃ, [Sales Dept.] : |
| -- | Nāṣanal Bukkst̲t̲āḷ, |
| Date of publication, distribution, etc. | [1964] |
| 300 ## - PHYSICAL DESCRIPTION | |
| Extent | 228 p. : |
| Other physical details | port. ; |
| Dimensions | 18 cm. |
| 500 ## - GENERAL NOTE | |
| General note | Title on added t.p.: Araanee manushyan. |
| 500 ## - GENERAL NOTE | |
| General note | In Malayalam. |
| 520 ## - SUMMARY, ETC. | |
| Summary, etc. | Philosophical essays. |
| 650 #0 - SUBJECT ADDED ENTRY--TOPICAL TERM | |
| Topical term or geographic name entry element | Philosophical anthropology. |
| 740 0# - ADDED ENTRY--UNCONTROLLED RELATED/ANALYTICAL TITLE | |
| Uncontrolled related/analytical title | Araanee manushyan. |
No items available.